Stolice Europy - Statistics

General Stats
  • This quiz has been taken 40 times
  • The average score is 28 of 46
Answer Stats
Kraj Stolica % Correct
Andora Andora
84%
Austria Wiedeń
84%
Belgia Bruksela
79%
Białoruś Mińsk
79%
Francja Paryż
79%
Bułgaria Sofia
79%
Polska Warszawa
79%
Chorwacja Zagrzeb
79%
Grecja Ateny
74%
Niemcy Berlin
74%
Dania Kopenhaga
74%
Hiszpania Madryt
74%
Rosja Moskwa
74%
Czechy Praga
74%
Albania Tirana
74%
Węgry Budapeszt
68%
Wielka Brytania Londyn
68%
Monako Monako
68%
Włochy Rzym
68%
San Marino San Marino
68%
Watykan Watykan
68%
Rumunia Bukareszt
63%
Finlandia Helsinki
63%
Portugalia Lizbona
63%
Luksemburg Luksemburg
63%
Bośnia i Hercegowina Sarajewo
63%
Holandia Amsterdam
58%
Ukraina Kijów
58%
Norwegia Oslo
58%
Irlandia Dublin
53%
Litwa Wilno
53%
Serbia Belgrad
47%
Szwajcaria Berno
47%
Islandia Reykjavik
47%
Łotwa Ryga
47%
Szwecja Sztokholm
47%
Estonia Tallinn
47%
Malta Valletta
47%
Mołdawia Kiszyniów
42%
Słowenia Lublana
42%
Kosowo Prisztina
42%
Liechtenstein Vaduz
37%
Słowacja Bratysława
32%
Cypr Nikozja
32%
Macedonia Północna Skopje
32%
Czarnogóra Podgorica
26%
No matching quizzes found
Score Distribution
Percent of People with Each Score
Percentile by Number Answered
Your Score History
You have not taken this quiz